Computer and library services
Salvato in:
| Natura: | Libro |
|---|---|
| Lingua: | Undetermined |
| Pubblicazione: |
Darya Ganj, New Delhi
Anmol Publications
1998
|
| Soggetti: | |
| Tags: |
Aggiungi Tag
Nessun Tag, puoi essere il primo ad aggiungerne! !
|
| Thư viện lưu trữ: | Trung tâm Học liệu Trường Đại học Cần Thơ |
|---|
| LEADER | 00550nam a2200193Ia 4500 | ||
|---|---|---|---|
| 001 | CTU_124873 | ||
| 008 | 210402s9999 xx 000 0 und d | ||
| 020 | |c 59.00 | ||
| 082 | |a 025.00285 | ||
| 082 | |b C738/Vol.1 | ||
| 245 | 0 | |a Computer and library services | |
| 245 | 0 | |c Edited by Meher Contractor | |
| 260 | |a Darya Ganj, New Delhi | ||
| 260 | |b Anmol Publications | ||
| 260 | |c 1998 | ||
| 650 | |a Libraries,Library science,Library services | ||
| 650 | |x Automation | ||
| 904 | |i Minh | ||
| 980 | |a Trung tâm Học liệu Trường Đại học Cần Thơ | ||